|
|
|
|
| LEADER |
00878nam a2200229 a 4500 |
| 001 |
3545050 |
| 008 |
120215s1997 nyu 000 0 eng |
| 010 |
|
|
|a 97041506
|
| 020 |
|
|
|a 1573921815 (pbk. : alk. paper)
|
| 040 |
|
|
|a DLC
|c DLC
|d DLC
|d BD-DhAAL
|
| 050 |
0 |
0 |
|a Q173
|b .A78 1997
|
| 082 |
0 |
0 |
|a 081
|2 21
|
| 100 |
1 |
|
|a Asimov, Isaac,
|d 1920-1992.
|
| 245 |
1 |
4 |
|a The roving mind /
|c Isaac Asimov ; preface by Paul Kurtz ; with tributes by Carl Sagan ... [et al.].
|
| 250 |
|
|
|a Rev. ed.
|
| 260 |
|
|
|a Amherst, N.Y. :
|b Prometheus Books,
|c 1997.
|
| 300 |
|
|
|a xxix, 350 p. ;
|c 23 cm.
|
| 541 |
|
|
|e 00024492
|
| 650 |
|
0 |
|a Science
|x Miscellanea.
|
| 852 |
1 |
|
|a Ayesha Abed Library
|c General shelf.
|
| 999 |
|
|
|c 11882
|d 11882
|
| 952 |
|
|
|0 0
|1 0
|2 ddc
|4 0
|6 081_ASI
|7 0
|9 19431
|a BRACUL
|b BRACUL
|c GEN
|d 2012-02-12
|e karim International
|g 2180.00
|l 8
|m 46
|o 081 ASI
|p 3010024492
|r 2025-01-29
|s 2024-11-05
|t 1
|w 2012-02-15
|y BK
|